Footballeurs passés par la Juventus Turin - Mort subite - Statistiques

Statistiques générales
  • Ce quiz a été pris 299 fois
  • Le résultat moyen est 16 sur 20
Answers on the Grid
Answers color-coded by a green-red scale on the quiz's grid according to % correct below.
Cristiano Ronaldo
Gianluigi Buffon
Paulo Dybala
Paul Pogba
Pierre Kalulu
Weston McKennie
Alessandro Del Piero
Leonardo Bonucci
David Trezeguet
Michel Platini
Carlo Bigatto
Aaron Ramsey (1990)
Lilian Thuram
Kingsley Coman
Medhi Benatia
Merih Demiral
Carlos Tévez
Stephan Lichsteiner
Martín Cáceres
Patrice Évra
Hakan Çalhanoğlu
Jonathan Tah
Wilfried Zaha
Yannick Carrasco
Olivier Giroud
Didier Drogba
André-Frank Zambo Anguissa
Riyad Mahrez
Pierre-Emerick Aubameyang
Bixente Lizarazu
 
Statistiques - réponses
Réponse % Correct
Cristiano Ronaldo
93%
Gianluigi Buffon
91%
Leonardo Bonucci
91%
Paul Pogba
91%
Alessandro Del Piero
89%
Paulo Dybala
89%
Michel Platini
88%
David Trezeguet
85%
Lilian Thuram
84%
Patrice Évra
83%
Weston McKennie
82%
Kingsley Coman
81%
Carlos Tévez
79%
Medhi Benatia
79%
Pierre Kalulu
78%
Stephan Lichsteiner
74%
Merih Demiral
64%
Aaron Ramsey (1990)
62%
Carlo Bigatto
59%
Martín Cáceres
59%
Aucun quiz correspondant
Distribution des résultats
% des personnes avec chaque résultat
Percentile par nombre de réponses
Votre historique - résultats
Vous n’avez pas pris ce quiz